| Tag |
First Indicator |
Second Indicator |
Subfields |
| LEADER |
00000cam a2200000Ii 4500 |
| 001 |
in00003853821 |
| 005 |
20170926115150.0 |
| 008 |
170428s1840 fr 000 0 fre d |
| 035 |
|
|
|a (OCoLC)ocn984754521
|
| 035 |
|
|
|a (OCoLC)984754521
|
| 040 |
|
|
|a TXA
|b eng
|e rda
|c TXA
|d UtOrBLW
|
| 049 |
|
|
|a TXAM
|
| 090 |
|
|
|a PQ2367.M54
|b D4 1840
|
| 100 |
1 |
|
|a Moreau, Eugène,
|d 1806-1876.
|0 http://id.loc.gov/authorities/names/n82157900
|
| 245 |
1 |
0 |
|a Deux couronnes :
|b comédie en un acte /
|c par Eugène Moreau.
|
| 264 |
|
1 |
|a [Paris] :
|b [Marchant],
|c [1840]
|
| 300 |
|
|
|a 15 pages ;
|c 27 cm.
|
| 336 |
|
|
|a text
|b txt
|2 rdacontent
|
| 337 |
|
|
|a unmediated
|b n
|2 rdamedia
|
| 338 |
|
|
|a volume
|b nc
|2 rdacarrier
|
| 490 |
1 |
|
|a [Magasin théâtral
|
| 500 |
|
|
|a This item is number 4 in a volume of 18 theatrical plays bound together with spine title: Magasin théatral, [no.] 27, Année 1840.
|
| 500 |
|
|
|a The Cushing Library/Dawson French copy contains: Chateau de Saint-Germain / Léon Halévy. [Paris : Imprimerie de Mme. Ve. Dondey-Dupre, 1839?]--Bamboches de l'annee / Cogniard. [Paris : Imprimerie de Ve. Dondey-Dupre, 1839?]--Commissaire extraordinaire / Duvert. [Paris : Imprimerie de Mme. Ve. Dondey-Dupre, 1839?]--Deux couronnes / Eugene Moreau. [Paris : Imprimerie de Ve. Dondey-Dupre, 1840?]--Enfans de troupe / Bayard. [Paris : Imprimerie de Mme. Ve. Dondey-Dupre, 1840?]--Ouvrier / Frederic Soulie. [Paris : Imprimerie de Mme. veuve Dondey-Dupre, 1840?]--Tremblement de terre de la Martinique / Dennery. [Paris : Imprimerie de Ve. Dondey-Dupre, 1840?]--Famille du fumiste / Varner. [Paris : Imprimerie de Mme. Ve. Dondey-Dupre, 1840?]--Intimes / Xavier. [Paris : Imprimerie de Mme. Ve. Dondey-Dupre, 1840?]--Lionne / Ancelot. [Paris : Imprimerie de Mme. Ve. Dondey-Dupre, 1840?]--Madone / Leon Halevy. [Paris : Imprimerie de Mme. Ve. Dondey-Dupre, 1840?]--Jean le Pingre et Pierre Lelarge / Clairville. [Paris : Imprimerie de Mme. Ve. Dondey-Dupre, 1840?]--Prussiens en Lorraine / Gustave Lemoine. [Paris : Imprimerie dde Ve. Dondey-Dupre, 1840?]--Roland Furieux / Cogniard. [Paris : Imprimerie de Mme. veuve Dondey-Dupre, 1840?]--Secret / Arnould. [Paris : Imprimerie de Mme. Ve. Dondey-Dupre, 1840?]--Famille de Lusigny / Frederic Soulie. [Paris : Imprimerie de Mme. Ve. Dondey-Dupre, 1831?]--Abbaye de Castro / P. Dinaux. [Paris : Imprimerie de Mme. Ve. Dondey-Dupre, 1840?]--Nouvelle Genevieve de Brabant / Xavier. [Paris : Imprimerie de Mme. Ve. Dondey-Dupre, 1840?].
|
| 500 |
|
|
|a "Représentée, pour la première fois, à Paris, sur le théâtre de la Renaissance, le 4 janvier 1840."
|
| 830 |
|
0 |
|a Magasin théâtral.
|0 http://id.loc.gov/authorities/names/no98103003
|
| 948 |
|
|
|a cataloged
|b h
|c 2017/4/28
|d c
|e dchroust
|f 1:15:42 pm
|
| 994 |
|
|
|a C0
|b TXA
|
| 999 |
f |
f |
|s 7ea20f1e-71f8-351a-b61a-686ed5bb092e
|i 5a03de05-bb95-3c92-a2cf-9e49f1d5964c
|t 0
|
| 952 |
f |
f |
|p noncirc
|a Texas A&M University
|b College Station
|c Cushing Memorial Library & Archives
|d Cushing: Dawson French (Does not check out)
|t 0
|e PQ1222 .M33 1834b no. 27
|h Library of Congress classification
|i unmediated -- volume
|
| 952 |
f |
f |
|a Texas A&M University
|b College Station
|c Cushing Memorial Library & Archives
|d Cushing: Dawson French (Does not check out)
|t 0
|e PQ1222 .M33 1834b no. 27
|h Library of Congress classification
|
| 998 |
f |
f |
|a PQ1222 .M33 1834b no. 27
|t 0
|l Cushing: Dawson French (Does not check out)
|